| 000 | 00675nam a2200205 i 4500 | ||
|---|---|---|---|
| 001 | 134770 | ||
| 003 | ES-MaACL | ||
| 005 | 20230906194736.0 | ||
| 007 | t| | ||
| 008 | 070913s1981 sp ||||1| spa d | ||
| 100 | 1 |
_aYcaza Tigerino, Julio. _9117598 |
|
| 245 | 1 | 3 |
_aLa cultura hispánica y la crisis de occidente / _c[Julio Ycaza Tigerino]. |
| 260 |
_a[Madrid] : _bMinisterio de Cultura, Secretaría General Técnica, _c[1981] |
||
| 300 |
_a176 p. ; _c19 cm. |
||
| 490 | 1 |
_aCultura y comunicación ; _v19 |
|
| 651 | 4 |
_aEspaña- _xCivilización. _98163 |
|
| 830 | 0 |
_aCultura y comunicación ; _v19 _9181260 |
|
| 852 |
_aES-MaACL _jL-1716 _bR.102166 |
||
| 999 |
_c134770 _d134770 |
||